[Event "GER-chT U10"]
[Site "Magdeburg"]
[Date "2013.12.28"]
[Round "3.4"]
[White "Wehling, Elias"]
[Black "Schauties, Nico Antonio"]
[Result "0-1"]
[WhiteElo "734"]
[BlackElo "600"]
[PlyCount "96"]
[EventDate "2013.12.27"]
[EventType "team-swiss"]
[EventRounds "5"]
[EventCountry "GER"]
[SourceTitle "EXT 2015"]
[Source "ChessBase"]
[SourceDate "2014.11.20"]
[SourceVersion "1"]
[SourceVersionDate "2014.11.20"]
[SourceQuality "1"]
[WhiteTeam "Breitenworbis"]
[BlackTeam "Treptow"]
[WhiteTeamCountry "GER"]
[BlackTeamCountry "GER"]

1. e4 e5 2. Nc3 Nf6 3. Nf3 Nc6 4. d3 Bb4 5. Bg5 d6 6. h3 Be6 7. a3 Ba5 8. Be2 d5 9. exd5 Bxd5 10. b4 Bb6 11. 0-0 Qd6 12. Nb5 Qe6 13. a4 a5 14. bxa5 Bxa5 15. c4 Bxf3 16. Bxf3 0-0 17. d4 Rad8 18. Qd3 exd4 19. Bg4 Qe5 20. Bxf6 Qxf6 21. Bf3 Ne5 22. Qe4 c6 23. Nxd4 Nxc4 24. Rfd1 Nb2 25. Rdb1 Rxd4 26. Qe3 Nc4 27. Qc1 Bc3 28. Qxc3 Rd1+ 29. Rxd1 Qxc3 30. Rac1 Qb4 31. Be2 Ne5 32. Ra1 Qb2 33. Kh1 Qxe2 34. Re1 Qh5 35. a5 Nd3 36. Re3 Nxf2+ 37. Kh2 Ng4+ 38. Kg3 Nxe3 39. Re1 Qg5+ 40. Kf3 Nc4 41. Ra1 Nxa5 42. Kf2 Nb3 43. Ra3 Qd2+ 44. Kg1 Re8 45. Kh2 Qd6+ 46. Kg1 Qf4 47. g3 Qxg3+ 48. Kf1 Re1# 0-1

[Event "GER-chT U10"]
[Site "Magdeburg"]
[Date "2013.12.28"]
[Round "1.4"]
[White "Wehling, Elias"]
[Black "Schnabel, Luise"]
[Result "1-0"]
[WhiteElo "734"]
[BlackElo "1138"]
[PlyCount "61"]
[EventDate "2013.12.27"]
[EventType "team-swiss"]
[EventRounds "5"]
[EventCountry "GER"]
[SourceTitle "EXT 2015"]
[Source "ChessBase"]
[SourceDate "2014.11.20"]
[SourceVersion "1"]
[SourceVersionDate "2014.11.20"]
[SourceQuality "1"]
[WhiteTeam "Breitenworbis"]
[BlackTeam "Berlin Schachpinguine"]
[WhiteTeamCountry "GER"]
[BlackTeamCountry "GER"]

1. e4 e5 2. Nc3 Nf6 3. Nf3 Nc6 4. d3 Bc5 5. Be2 d6 6. h3 Be6 7. 0-0 0-0 8. Bg5 h6 9. Bh4 Qe7 10. Re1 Rad8 11. a3 Rd7 12. Qd2 Rfd8 13. Nd5 Bxd5 14. exd5 Nd4 15. Nxd4 Bxd4 16. Rab1 g5 17. Bg3 Nxd5 18. Bg4 Nf4 19. Bxd7 Rxd7 20. Bxf4 gxf4 21. c3 Bb6 22. d4 f6 23. dxe5 fxe5 24. Qd5+ Kh8 25. Qxb7 Qg5 26. Qf3 Rg7 27. Re2 Qh4 28. Rf1 Rg3 29. Qxg3 Qxg3 30. c4 Qd3 31. Rfe1 1-0